Normal view
MARC view
Entry Personal Name
001 - CONTROL NUMBER
- control field: 88896
003 - CONTROL NUMBER IDENTIFIER
- control field: OSt
005 - DATE AND TIME OF LATEST TRANSACTION
- control field: 20230415122836.0
008 - FIXED-LENGTH DATA ELEMENTS
- fixed length control field: 230415|| aca||aabn | a|a d
040 ## - CATALOGING SOURCE
- Original cataloging agency: OSt
- Transcribing agency: OSt
100 ## - HEADING--PERSONAL NAME
- Personal name: MCKENZIE (Robert)
670 ## - SOURCE DATA FOUND
- Source citation: Work cat.: (OSt)159383: MCKENZIE (Robert), Comparing media: from around the world, 2007